00393nam a2200121 450000500170000010000460001724500870006326400330015030000180018333600220020133700240022333800240024720260530115302.01 aMelvin Kranzberg / Carrol W. Pursell, Jr.10aHistoria de la Tecnología • La técnica en Occidente de la Prehistoria a 1900 1bGustavo Gili Barcelonac1988 a880 páginas atexto2rdacontent asin medio2rdamedia avolumen2rdacarrier